| 000 | 00841nam a22002297a 4500 | ||
|---|---|---|---|
| 999 |
_c19354 _d19354 |
||
| 003 | AR-CdUCM | ||
| 008 | 190517b ||||| |||| 00| 0 spa d | ||
| 040 |
_aMUNICIPALIDAD PROVINCIAL DEL CUSCO _cBIBLIOTECA MUNICIPAL DEL CUSCO |
||
| 041 | _hita | ||
| 082 |
_a920 / _bB74 |
||
| 100 |
_aBorgese, C. A. _940645 |
||
| 245 |
_aLa tragedia de Mayerling : _bhistoria de Rodolfo de Austria y de María Vetsera / |
||
| 260 |
_aSantiago de Chile : _bNascimento, _c1934. |
||
| 300 |
_a167 páginas ; _c19 cm. |
||
| 505 | _aContenido: Rodolfo -- María Larisch y María Vetsera -- Los amantes -- La víspera de la fuga -- La última cita -- La catástrofe. | ||
| 650 |
_aHistoria _9136 |
||
| 650 |
_aBiografía _922 |
||
| 650 |
_aSiglo XX _98 |
||
| 700 |
_aMondria, Ramón (traducción) _935974 |
||
| 942 |
_2ddc _cLIBROS |
||
| 945 |
_aachl _d2019-05-17 |
||